International business : competing in the global marketplace / (Record no. 3871)

MARC details
000 -LEADER
fixed length control field 02233nam a2200181 4500
020 ## - INTERNATIONAL STANDARD BOOK NUMBER
ISBN 9780077140656
020 ## - INTERNATIONAL STANDARD BOOK NUMBER
ISBN 0077140656
050 ## - CALL NUMBER
Classification number HD62.4
Item number .H54
100 ## - AUTHOR
Personal name Hill, Charles W.L.
245 ## - TITLE
Title International business : competing in the global marketplace /
Statement of responsibility, etc Charles W. L. Hill
250 ## - EDITION
Edition statement 9th
260 ## - PUBLICATION INFORMATION
Place of publication New York
Name of publisher McGraw-Hill / Irwin
Year of publication 2012
300 ## - DESCRIPTION
Number of Pages xxiii, 716p. :
Other physical details ill. (chiefly col.)
Dimensions 27cm
500 ## - NOTES
General note Includes index
505 ## - FORMATTED CONTENTS NOTE
Table of Content Part One Introduction and Overview <br/>Chapter 1 Globalization <br/>Case: The Globalization of Health Care <br/><br/>Part Two Country Differences <br/>Chapter 2 National Differences in Political Economy <br/>Chapter 3 Political Economy and Economic Development Chapter 4 Differences in Culture <br/>Chapter 5 Ethics in International Business <br/>Cases: Siemens Bribery Scandal, Walmart's Foreign Expansion, Nike: The Sweatshop Debate, Etch-A-Sketch Ethics, India's Transformation <br/><br/>Part Three The Global Trade and Investment Environment Chapter 6 International Trade Theory <br/>Chapter 7 The Political Economy of International Trade <br/>Chapter 8 Foreign Direct Investment <br/>Chapter 9 Regional Economic Integration <br/>Cases: Logitech, The Ecuadorean Rose Industry, The European Energy Market, Global Food Prices <br/><br/>Part Four The Global Monetary System <br/>Chapter 10 The Foreign Exchange Market <br/>Chapter 11 The International Monetary System <br/>Chapter 12 The Global Capital Market <br/>Cases: Hyundai and Kia, Anatomy of a Currency Crisis,Russian Ruble Crisis and Its Aftermath <br/><br/>Part Five The Strategy and Structure of International Business Chapter 13 The Strategy of International Business <br/>Chapter 14 The Organization of International Business<br/>Chapter 15 Entry Strategy and Strategic Alliances <br/>Cases: Coca-Cola, Diebold, JCB in India, IKEA <br/><br/>Part Six Business Operations <br/>Chapter 16 Exporting, Importing, and Countertrade <br/>Chapter 17 Production, Outsourcing, and Logistics <br/>Chapter 18 Global Marketing and R&D <br/>Chapter 19 Global Human Resource Management <br/>Chapter 20 Accounting and Finance in the International Business <br/>Cases: Building the Boeing 787, Adopting International Accounting Standards, Li & Fung
650 ## - SUBJECTS
Topical Term International business enterprises -- Management.
942 ## - ADDED ENTRY ELEMENTS (KOHA)
Koha item type Books
Holdings
Withdrawn status Lost status Collection code Home library Current library Shelving location Date acquired Full call number Accession Number Koha item type
    Reference Methodist University Library Main Methodist University Library Main General Stacks 01/10/2013 HD62.4 .H54 38803 Books
Copyright © 2026  MUG Library